Harry Potter Groups of Three - Statistics

General Stats
  • This quiz has been taken 2,415 times
  • The average score is 25 of 36
Answer Stats
Hint Answer % Correct
Main Characters Harry Potter
100%
Main Characters Hermione Granger
100%
Main Characters Ron Weasley
100%
Deathly Hallows Elder Wand
91%
Deathly Hallows Invisibility Cloak
88%
Gryffindor chasers in Harry's first year Katie Bell
88%
Triwizard Championship Schools Hogwarts
86%
Deathly Hallows Resurrection Stone
85%
Positions Snape held at Hogwarts Postions Master
84%
Black Sisters (Sirius's Cousins) Bellatrix Lestrange
82%
Positions Snape held at Hogwarts Headmaster
82%
Leaders of Dumbledore's Army in the Deathly Hallows Neville Longbottom
82%
Positions Snape held at Hogwarts Defense Against the Dark Arts Teacher
79%
Black Sisters (Sirius's Cousins) Narcissa Malfoy
77%
Leaders of Dumbledore's Army in the Deathly Hallows Ginny Weasley
76%
Triwizard Championship Schools Durmstrang
75%
Leaders of Dumbledore's Army in the Deathly Hallows Luna Lovegood
74%
Members of the Gaunt Family Marvolo
73%
Gryffindor chasers in Harry's first year Angelina Johnson
72%
Elements of Voldemort's regeneration potion Blood of the enemy, forcibly taken
70%
Triwizard Championship Schools Beauxbatons
66%
Wizarding Coins Galleons
64%
Subjects Hermione took in year three that Harry didn't Study of Ancient Runes
63%
Black Sisters (Sirius's Cousins) Andromeda Tonks
61%
Subjects Hermione took in year three that Harry didn't Muggle Studies
58%
Subjects Hermione took in year three that Harry didn't Arithmancy
57%
Elements of Voldemort's regeneration potion Flesh of the servent, willingly sacrificed
57%
Wizarding Coins Knuts
56%
Members of the Gaunt Family Merope
56%
Gryffindor chasers in Harry's first year Alicia Spinnet
55%
Elements of Voldemort's regeneration potion Bone of the father, unknowingly given
54%
Peverell Brothers Ignotus
53%
Members of the Gaunt Family Morfin
48%
Wizarding Coins Sickles
48%
Peverell Brothers Cadmus
39%
Peverell Brothers Antioch
34%
No matching quizzes found
Score Distribution
Percent of People with Each Score
Percentile by Number Answered
Your Score History
You have not taken this quiz